[Event "Arco Christmas op 8th"]
[Site "Arco"]
[Date "2017.12.30"]
[Round "7"]
[White "Dentale, Raffaele"]
[Black "Montorfano, Carlo"]
[Result "1-0"]
[WhiteElo "1710"]
[BlackElo "1390"]
[PlyCount "67"]
[EventDate "2017.12.26"]
[EventType "swiss"]
[EventRounds "7"]
[EventCountry "ITA"]
[SourceTitle "CBM 182 Extra"]
[Source "ChessBase"]
[SourceDate "2018.02.23"]
[SourceVersion "1"]
[SourceVersionDate "2018.02.23"]
[SourceQuality "1"]

1. e4 d5 2. exd5 Qxd5 3. Nc3 Qd8 4. d4 Nf6 5. Bc4 g6 6. Bf4 a6 7. Qd2 b5 8. Bb3 Bb7 9. f3 e6 10. 0-0-0 c6 11. Ne4 Nxe4 12. fxe4 Bg7 13. Nf3 Nd7 14. d5 e5 15. Bg5 Qb6 16. d6 f6 17. Be3 Qd8 18. h4 Nf8 19. h5 gxh5 20. Rxh5 Qd7 21. Bb6 c5 22. Bd5 Rc8 23. Nh4 Bxd5 24. Qxd5 Qf7 25. Nf5 Nd7 26. Bc7 Bf8 27. Qb7 Rd8 28. Qd5 Qxd5 29. exd5 Ra8 30. Rdh1 Rg8 31. Rxh7 Rg5 32. Rxd7 Rxf5 33. Rhh7 Rd8 34. Bxd8 1-0

[Event "Arco Christmas op 8th"]
[Site "Arco"]
[Date "2017.12.26"]
[Round "1"]
[White "Paveglio, Mattia"]
[Black "Montorfano, Carlo"]
[Result "1-0"]
[WhiteElo "1861"]
[BlackElo "1390"]
[PlyCount "91"]
[EventDate "2017.12.26"]
[EventType "swiss"]
[EventRounds "7"]
[EventCountry "ITA"]
[SourceTitle "CBM 182 Extra"]
[Source "ChessBase"]
[SourceDate "2018.02.23"]
[SourceVersion "1"]
[SourceVersionDate "2018.02.23"]
[SourceQuality "1"]

1. e4 d5 2. exd5 Qxd5 3. Nc3 Qd8 4. Nf3 Nf6 5. Bc4 g6 6. d4 Bg7 7. Bf4 0-0 8. Qd2 Re8 9. Bh6 Bh8 10. Ne5 e6 11. Qf4 Nbd7 12. Bg5 Nxe5 13. dxe5 Nh5 14. Bxd8 Nxf4 15. Bxc7 Bd7 16. Bf1 Bc6 17. Rg1 Nd5 18. Bd6 Nxc3 19. bxc3 Be4 20. 0-0-0 Rac8 21. c4 Bg7 22. f3 Bc6 23. c5 b6 24. Ba6 Rcd8 25. Rd3 bxc5 26. Rgd1 Bf8 27. Rc3 Bd5 28. Bb5 Bxd6 29. exd6 Rf8 30. Rxc5 Rc8 31. Rxc8 Rxc8 32. d7 Rd8 33. c4 Ba8 34. c5 a6 35. c6 Bxc6 36. Bxc6 Kf8 37. Bb7 a5 38. Bc8 Ke7 39. Rd4 e5 40. Rd5 f6 41. Rxa5 g5 42. a4 g4 43. fxg4 e4 44. Kd2 Rg8 45. Ke3 Rxg4 46. d8Q+ 1-0